Guess the Fusion Rock Song Lyrics #36 - Statistics

General Stats
  • This quiz has been taken 9 times
  • The average score is 266 of 316
Answer Stats
Answer % Correct
a
100%
And
100%
and
100%
can
100%
Can't
100%
can't
100%
day
100%
Do
100%
do
100%
for
100%
Girl
100%
girl
100%
I
100%
in
100%
In
100%
is
100%
I've
100%
love
100%
me
100%
my
100%
say
100%
Say
100%
so
100%
So
100%
That
100%
the
100%
to
100%
way
100%
When
100%
Who
100%
you
100%
all
88%
are
88%
came
88%
Don't
88%
If
88%
I'm
88%
into
88%
Just
88%
know
88%
life
88%
man
88%
night
88%
of
88%
Of
88%
Oh
88%
oh
88%
right
88%
see
88%
too
88%
where
88%
you're
88%
arms
75%
Every
75%
every
75%
feel
75%
how
75%
long
75%
middle
75%
Middle
75%
never
75%
same
75%
tell
75%
which
75%
you've
75%
baby
63%
hands
63%
here
63%
knew
63%
needs
63%
These
63%
these
63%
tryin
63%
wanna
63%
done
50%
eyes
50%
help
50%
lips
50%
Ooh
50%
show
50%
taken
50%
Till
50%
anywhere
38%
Anywhere
38%
calling
38%
control
38%
game
38%
inside
38%
name
38%
play
38%
reaching
38%
sight
38%
soul
38%
stand
38%
Whoa
38%
Ah
25%
Al Wilson
25%
decide
25%
lock
25%
smile
25%
No matching quizzes found
Score Distribution
Percent of People with Each Score
Percentile by Number Answered
Your Score History
You have not taken this quiz